000 00472nab a2200145Ia 4500
003 ES-SlBCS
005 20210601134126.0
008 140529s2012 xxu||||| |||| 00| 0 por d
041 _apor
100 1 _aChizzotti, Antonio
_9213879
245 0 0 _aCurrículo por competência: ascensao de um novo paradigma curricular
_c Antonio Chizzotti
650 0 4 _aCompetencias
_9213880
773 0 _tEducaçao e Filosofia
_gvol. 26, nº. 52, 2012, págs. 429-448
_wRev1534
942 _cAR
999 _c607478
_d607478